Daredevil and Friends Quiz Stats

 Plays Quiz not verified by Sporcle

Challenge
Share
Tweet
Score 0/36 Timer 10:00
0 Plays Today
% Correct
Wolverine
99.5%
Spider-Man
96.2%
Elektra
93.7%
Hulk
91.8%
Punisher
91.3%
Deadpool
91%
Silver Surfer
90.4%
Batman
89.4%
Thor
86.4%
Bullseye
86.3%
Luke Cage
80.3%
Black Widow
80.1%
Hawkeye
80.1%
Doctor Doom
79.7%
Foggy Nelson
79.5%
Ultron
77.3%
Doctor Octopus
77.1%
Iron Fist
76.7%
% Correct
Black Cat
70.3%
Namor the Sub-Mariner
65.3%
Shocker
64.2%
Psylocke
62%
Iron Man
61.8%
Mole Man
55.4%
Stilt-Man
51.6%
Gladiator
43.2%
US Agent
39.4%
Klaw
39.4%
Moondragon
38.8%
Kingpin
38.6%
Typhoid Mary
34.4%
Firestar
33.8%
Captain America
31.4%
Doctor Strange
28.9%
Black Panther
25.6%
Cyclops
20.5%

You're not logged in!

Compare scores with friends on all Sporcle quizzes.
Join for Free
OR
Log In

You Might Also Like...

Show Comments

Extras

Top Quizzes Today


Score Distribution

Your Account Isn't Verified!

In order to create a playlist on Sporcle, you need to verify the email address you used during registration. Go to your Sporcle Settings to finish the process.

Report this User

Report this user for behavior that violates our Community Guidelines.

Details: